Capitals and Largest Cities of each US State - Statistics

General Stats
  • This quiz has been taken 2,336 times
  • The average score is 67 of 82
Answer Stats
Answer % Correct
California Los Angeles
97%
Georgia Atlanta
96%
Colorado Denver
96%
Arizona Phoenix
96%
California Sacramento
96%
Massachusetts Boston
95%
Illinois Chicago
95%
Hawaii Honolulu
95%
Indiana Indianapolis
94%
Mississippi Jackson
94%
New York New York
94%
Alaska Juneau
92%
Nevada Las Vegas
92%
New York Albany
91%
Idaho Boise
91%
Arkansas Little Rock
91%
Florida Tallahassee
91%
Texas Austin
90%
Louisiana New Orleans
90%
Oklahoma Oklahoma City
90%
Alaska Anchorage
89%
Michigan Detroit
89%
Missouri Kansas City
89%
Maine / Oregon Portland
89%
Lousiana Baton Rouge
88%
Texas Dallas-Fort Worth
88%
Iowa Des Moines
88%
Tennessee Nashville
88%
Pennsylvania Philadelphia
88%
Utah Salt Lake City
88%
Ohio Columbus
87%
Minnesota Minneapolis
87%
Illinois Springfield
87%
Alabama Montgomery
86%
Connecticut Hartford
85%
Florida Jacksonville
85%
New Mexico Santa Fe
84%
Washington Seattle
84%
Minnesota St Paul
84%
Maryland Baltimore
83%
Nevada Carson City
83%
Delaware Dover
83%
North Carolina Raleigh
83%
New Mexico Albuquerque
82%
Nebraska Lincoln
82%
Rhode Island Providence
82%
Oregon Salem
81%
Kansas Topeka
81%
Maryland Annapolis
80%
Maine Augusta
80%
Alabama Birmingham
80%
Montana Helena
80%
Michigan Lansing
80%
North Carolina Charlotte
79%
Tennessee Memphis
79%
New Jersey Trenton
79%
Virginia Richmond
78%
Kentucky Louisville
77%
West Virginia Charleston
76%
Kentucky Frankfort
76%
Pennsylvania Harrisburg
76%
Washington Olympia
76%
Nebraska Omaha
76%
South Dakota Pierre
75%
North Dakota Bismarck
74%
Wyoming Cheyenne
74%
South Carolina Columbia
74%
Missouri Jefferson City
74%
Wisconsin Madison
73%
New Jersey Newark
73%
Wisconsin Milwaukee
72%
New Hampshire Concord
71%
Vermont Montpelier
71%
Kansas Wichita
68%
Virginia Virginia Beach
64%
Montana Billings
63%
North Dakota Fargo
63%
South Dakota Sioux Falls
59%
Delaware Wilmington
57%
Connecticut Bridgeport
55%
New Hampshire Manchester
52%
Vermont Burlington
51%
No matching quizzes found
Score Distribution
Percent of People with Each Score
Percentile by Number Answered
Your Score History
You have not taken this quiz